000 00620nam a2200181Ia 4500
008 090124s9999 xx 000 0 und d
082 _b10900
_a1058
100 _aटोळे माणिक गणेश
245 _a मर्यादित-सपेक्षतावाद
250 _a1
260 _c1960
300 _a133
600 _aटोळे माणिक गणेश
630 _a मर्यादित-सपेक्षतावाद
700 _aटोळे माणिक गणेश
730 _a मर्यादित-सपेक्षतावाद
942 _cBOOK
999 _c125047
_d125047